000 00871nam a22002417a 4500
999 _c20537
_d20537
003 AR-CdUCM
008 190306b ||||| |||| 00| 0 spa d
040 _aMUNICIPALIDAD PROVINCIAL DEL CUSCO
_cBIBLIOTECA MUNICIPAL DEL CUSCO
041 _heng.
082 _a828.87 /
_bL6
_22ed.
100 _aWilde, Oscar
_91401
245 _aEl crimen de lord Arturo Savile y otra narraciones /
260 _aBuenos Aires :
_bDidot,
_c1946.
300 _a197 paginas :
_c17 cm.
500 _a[libro reempastado], libro en version castellana por Ricardo Baeza.
505 _aContenido: El crimen de lord Arturo Savile -- El fantasma de Canterville -- La esfinge sin enigma.
650 _aNovelas inglesas
_91158
650 _aLiteratura inglesa
_91015
650 _aSiglo XIX
_9971
700 _aBaeza, Ricardo (nota preliminar)
_942936
942 _2ddc
_cLIBROS
945 _aAndy